Ulises
Guardat en:
| Autor principal: | |
|---|---|
| Format: | Llibre |
| Idioma: | espanyol |
| Publicat: |
Buenos Aires
Cs
1995
|
| Matèries: | |
| Etiquetes: |
Afegir etiqueta
Sense etiquetes, Sigues el primer a etiquetar aquest registre!
|
MARC
| LEADER | 00000nam a2200000 a 4500 | ||
|---|---|---|---|
| 001 | UCT8314 | ||
| 003 | CL-VaPUC | ||
| 008 | 970326e19950000AG |||||||||||||||||spa|d | ||
| 082 | 0 | 4 | |a 823 |b JOY |2 21 |
| 100 | |a Joyce, James Augustine |e author |9 498658 | ||
| 245 | 1 | 0 | |a Ulises |
| 300 | |a 2v | ||
| 942 | |c BK | ||
| 945 | |d 19970326 00:00:00 |a nastorga | ||
| 260 | |a Buenos Aires |b Cs |c 1995 | ||
| 650 | 0 | |a Novelas irlandesas |9 266298 | |
| 583 | |a last modification |c 19970326 00:00:00 |k Rodrigo Vera | ||
| 999 | |c 256824 |d 256822 | ||
| 952 | |0 0 |1 0 |4 0 |6 823_000000000000000_JOY_1995 |7 0 |8 A |9 279815 |a BIBEDU |b BIBEDU |d 2019-11-19 |h v.1 |i 3293777 |l 4 |m 1 |o 823 JOY 1995 |p 3293777 |r 2022-09-29 |s 2022-09-22 |w 2019-11-19 |y BK |k LIT | ||
| 952 | |0 0 |1 0 |4 0 |6 823_000000000000000_JOY_1995 |7 0 |8 A |9 279816 |a BIBEDU |b BIBEDU |d 2019-11-19 |h v.2 |i 3293785 |l 1 |o 823 JOY 1995 |p 3293785 |r 2023-10-23 |s 2023-10-23 |w 2019-11-19 |y BK |k LIT | ||